000 00453nam a2200169 a 4500
001 000044306
003 OSt
005 20201113142951.0
008 140613s2006 dr 000 0 spa d
040 _aDO-SdBNP
_bspa
_cBNPHU
100 1 _aFigueroa, Homero
_972312
245 1 0 _aEspejo de papel /
_cHomero Figueroa.
260 _aSanto Domingo :
_bOmnimedia,
_c2006.
300 _a101 p. :
_b15 cm.
590 _aInventariado, 2020 /LP
942 _2ddc
_cLBS1
999 _c43795
_d43795